[Event "RUS-ChT L1"]
[Site "Sochi RUS"]
[Date "2008.04.09"]
[Round "7"]
[White "Bachin, Vitaly"]
[Black "Maximov, Dmitry"]
[Result "0-1"]
[WhiteElo "2488"]
[BlackElo "2485"]
[EventDate "2008.04.03"]
[PlyCount "102"]

1.e4 c5 2.Nc3 Nc6 3.g3 g6 4.Bg2 Bg7 5.d3 d6 6.Be3 e6 7.Qd2 Nge7 8.Bh6 O-O 
9.h4 Bxh6 10.Qxh6 f6 11.Qd2 h5 12.f3 e5 13.O-O-O Nd4 14.Nd5 Nxd5 15.exd5 
a5 16.c3 Nf5 17.g4 Ng7 18.gxh5 Nxh5 19.Ne2 Rf7 20.Rdg1 Rg7 21.f4 Bg4 22.
fxe5 Bxe2 23.Qxe2 Ng3 24.Qf3 Nxh1 25.e6 f5 26.Rxh1 Qf6 27.Kb1 b5 28.Qf4 
Rd8 29.Bf3 Kf8 30.Rg1 Ke7 31.Rg5 Qe5 32.Qd2 Rc8 33.d4 Qf6 34.Be2 b4 35.
cxb4 cxb4 36.Qf4 a4 37.Ba6 Rc7 38.Bf1 Rg8 39.Ba6 Rh8 40.Bd3 a3 41.Bb5 axb2
42.Kxb2 Rh6 43.Be2 Rc5 44.Kb3 Rxd5 45.Qc1 Qxe6 46.Bc4 Rxh4 47.Rg3 Rhxd4 
48.Qg5+ Kd7 49.Re3 Rd3+ 50.Rxd3 Rxd3+ 51.Kxb4 Rd4 0-1

[Event "RUS-ChT L1"]
[Site "Sochi RUS"]
[Date "2008.04.09"]
[Round "7"]
[White "Barbashin, Igor"]
[Black "Parfenov, Viktor N"]
[Result "1-0"]
[WhiteElo "2289"]
[BlackElo "2237"]
[EventDate "2008.04.03"]
[PlyCount "43"]

1.d4 e6 2.Nf3 c5 3.c4 cxd4 4.Nxd4 a6 5.Nc3 b6 6.e4 d6 7.Be3 Bb7 8.f3 Be7 
9.Qd2 Nf6 10.g4 Nc6 11.g5 Nd7 12.Rg1 O-O 13.h4 Re8 14.h5 d5 15.cxd5 Nxd4 
16.Bxd4 exd5 17.O-O-O dxe4 18.fxe4 Nf8 19.Bc4 Ne6 20.g6 Bf6 21.Bxf6 Qxf6 
22.Rdf1 1-0

[Event "RUS-ChT L1"]
[Site "Sochi RUS"]
[Date "2008.04.09"]
[Round "7"]
[White "Bezgodov, Alexei"]
[Black "Miroshnichenko, Evgenij"]
[Result "1/2-1/2"]
[WhiteElo "2502"]
[BlackElo "2647"]
[EventDate "2008.04.03"]
[PlyCount "41"]

1.e4 c5 2.Nf3 d6 3.d4 cxd4 4.Nxd4 Nf6 5.Nc3 Nc6 6.Bg5 e6 7.Qd2 Nxd4 8.Qxd4
Be7 9.O-O-O O-O 10.f4 Qa5 11.e5 dxe5 12.Qxe5 Qxe5 13.fxe5 Nd5 14.Bxe7 Nxe7
15.Bd3 b6 16.Be4 Rb8 17.Nb5 Bb7 18.Rhe1 a6 19.Nc7 a5 20.a4 Rfc8 21.Nb5 
1/2-1/2

[Event "RUS-ChT L1"]
[Site "Sochi RUS"]
[Date "2008.04.09"]
[Round "7"]
[White "Brodsky, Michail"]
[Black "Kalugin, Sergei"]
[Result "1-0"]
[WhiteElo "2572"]
[BlackElo "2457"]
[EventDate "2008.04.03"]
[PlyCount "59"]

1.d4 Nf6 2.c4 e6 3.Nc3 Bb4 4.e3 d5 5.a3 Bxc3+ 6.bxc3 c5 7.cxd5 exd5 8.Bd3 
O-O 9.Ne2 Nc6 10.O-O Re8 11.f3 Bd7 12.Ng3 Rc8 13.Re1 Rc7 14.Ra2 Bc8 15.
Rae2 Rce7 16.Bb2 Qb6 17.h3 h5 18.Nf1 Bd7 19.a4 cxd4 20.cxd4 Nb4 21.Bb1 a5 
22.e4 dxe4 23.fxe4 Qc6 24.d5 Qxa4 25.Qd2 Qb5 26.Bxf6 gxf6 27.Qh6 Qc5+ 28.
Rf2 Bf5 29.Re3 Bg6 30.e5 1-0

[Event "RUS-ChT L1"]
[Site "Sochi RUS"]
[Date "2008.04.09"]
[Round "7"]
[White "Burmakin, Vladimir"]
[Black "Pridorozhni, Aleksei"]
[Result "1-0"]
[WhiteElo "2611"]
[BlackElo "2519"]
[EventDate "2008.04.03"]
[PlyCount "23"]

1.d4 d6 2.g3 e5 3.Bg2 Be7 4.Nc3 Nf6 5.e4 c6 6.Nf3 Nbd7 7.a4 a5 8.O-O O-O 
9.Re1 Re8 10.b3 Bf8 11.Bb2 Qb6 12.Qd3 1-0

[Event "RUS-ChT L1"]
[Site "Sochi RUS"]
[Date "2008.04.09"]
[Round "7"]
[White "Chuprikov, Dmitry"]
[Black "Ogloblin, Nikolay"]
[Result "1-0"]
[WhiteElo "2433"]
[BlackElo "2355"]
[EventDate "2008.04.03"]
[PlyCount "107"]

1.d4 Nf6 2.c4 e6 3.Nc3 Bb4 4.e3 c5 5.Bd3 Nc6 6.Nf3 Bxc3+ 7.bxc3 d6 8.O-O 
e5 9.Nd2 O-O 10.Rb1 Re8 11.d5 Ne7 12.e4 h6 13.g3 Bh3 14.Re1 Qc8 15.Nf1 Ng6
16.Rb2 b6 17.Ne3 Qd7 18.f3 Nh7 19.Rf2 Ng5 20.Qc2 Qe7 21.Kh1 Qf6 22.Bf1 
Bxf1 23.Rexf1 Qd8 24.h4 Nh7 25.Rh2 Rb8 26.Qa4 Rb7 27.Nf5 Rd7 28.g4 Nf4 29.
Be3 Nf8 30.Qc2 Qc8 31.h5 Qa6 32.Qb3 Nh7 33.Kg1 Ng5 34.Kf2 Rb8 35.a4 Qc8 
36.Rfh1 a6 37.Kg3 b5 38.axb5 axb5 39.cxb5 c4 40.Qb1 Nd3 41.Ra2 Kh7 42.Ra6 
Qd8 43.Qa2 Nf4 44.Qxc4 g6 45.hxg6+ fxg6 46.Rxh6+ Kg8 47.Bxf4 exf4+ 48.Kxf4
gxf5 49.Rg6+ Rg7 50.Raxd6 Qe7 51.gxf5 Nf7 52.Rxg7+ Kf8 53.Rxf7+ Kxf7 54.
Rh6 1-0

[Event "RUS-ChT L1"]
[Site "Sochi RUS"]
[Date "2008.04.09"]
[Round "7"]
[White "Chuprov, Dmitry"]
[Black "Belov, Vladimir"]
[Result "1/2-1/2"]
[WhiteElo "2596"]
[BlackElo "2578"]
[EventDate "2008.04.03"]
[PlyCount "111"]

1.e4 e6 2.d4 d5 3.Nc3 Bb4 4.e5 c5 5.a3 Ba5 6.Bd2 Nc6 7.Qg4 Kf8 8.dxc5 Nxe5
9.Qg3 Ng6 10.O-O-O Nf6 11.f4 Bxc3 12.Qxc3 Ne4 13.Qd4 Nxd2 14.Rxd2 Qc7 15.
g3 Bd7 16.Nf3 Ne7 17.Bd3 Rc8 18.b4 b6 19.cxb6 axb6 20.b5 f6 21.Kb2 Qc5 22.
Qxc5 Rxc5 23.a4 Kf7 24.Re1 h6 25.Nd4 Nc8 26.Nb3 Rc7 27.c4 Nd6 28.cxd5 exd5
29.Rde2 Ra8 30.Re7+ Kf8 31.a5 bxa5 32.Nc5 Rxc5 33.Rxd7 Ne4 34.b6 Rb8 35.b7
f5 36.Rc1 Rxc1 37.Kxc1 Nc5 38.Rc7 Nxb7 39.Bxf5 Nd6 40.Be6 Rb7 41.Rc6 Ne8 
42.Bxd5 Rc7 43.Kc2 Rxc6+ 44.Bxc6 Nf6 45.Bf3 Ke7 46.Kb3 Ke6 47.g4 Nd5 48.g5
Nxf4 49.gxh6 gxh6 50.Ka4 Kf5 51.Kxa5 Nd3 52.Be2 Ne5 53.Kb4 Ng4 54.Kc3 Nxh2
55.Kd2 Ng4 56.Bxg4+ 1/2-1/2

[Event "RUS-ChT L1"]
[Site "Sochi RUS"]
[Date "2008.04.09"]
[Round "7"]
[White "Dashibalov, Erdem"]
[Black "Nevostrujev, Vladimir"]
[Result "0-1"]
[WhiteElo "2408"]
[BlackElo "2469"]
[EventDate "2008.04.03"]
[PlyCount "98"]

1.d4 Nf6 2.c4 g6 3.g3 Bg7 4.Bg2 O-O 5.Nc3 d6 6.Nf3 Nbd7 7.O-O e5 8.e4 exd4
9.Nxd4 Re8 10.h3 c6 11.b3 Nc5 12.Re1 a5 13.Bf4 a4 14.b4 Ne6 15.Be3 Nxd4 
16.Bxd4 Be6 17.Bf1 c5 18.bxc5 dxc5 19.Be3 Ng4 20.Bd2 Nxf2 21.Kxf2 Bd4+ 22.
Kg2 Qf6 23.Ne2 Qf2+ 24.Kh1 Bxa1 25.Qxa1 Bxc4 26.Bh6 f6 27.Nf4 b5 28.Qxf6 
Ra7 29.Bxc4+ bxc4 30.Re2 Qd4 31.Qc6 Rae7 32.Qd5+ Kh8 33.Bg5 Qxd5 34.Nxd5 
Rxe4 35.Bf6+ Kg8 36.Rf2 Re2 37.Kg2 Kf7 38.Bc3+ Rxf2+ 39.Kxf2 Rb8 40.Nf6 
Rb1 41.Nxh7 Rc1 42.Ng5+ Ke7 43.Ne4 Rc2+ 44.Ke3 a3 45.Be5 Rxa2 46.Nxc5 Rc2 
47.h4 a2 48.g4 Rc1 49.Kd2 c3+ 0-1

[Event "RUS-ChT L1"]
[Site "Sochi RUS"]
[Date "2008.04.09"]
[Round "7"]
[White "Deviatkin, Andrei"]
[Black "Genba, Vladimir"]
[Result "1/2-1/2"]
[WhiteElo "2543"]
[BlackElo "2429"]
[EventDate "2008.04.03"]
[PlyCount "89"]

1.e4 e5 2.Nf3 Nc6 3.Bb5 Nf6 4.O-O Nxe4 5.d4 Nd6 6.Bxc6 dxc6 7.dxe5 Nf5 8.
Qxd8+ Kxd8 9.Nc3 Bd7 10.b3 Kc8 11.Bb2 Be7 12.Rad1 b6 13.Ne2 a5 14.a4 c5 
15.Nc3 Bd8 16.Rd2 Bc6 17.Nd5 c4 18.Nd4 Nxd4 19.Rxd4 Re8 20.Rfd1 cxb3 21.
cxb3 Kb7 22.Rf4 Be7 23.Nxe7 Rxe7 24.h4 Be8 25.g4 Bd7 26.h5 Be6 27.Rd3 Ree8
28.g5 g6 29.h6 Rad8 30.Rff3 Rxd3 31.Rxd3 Kc8 32.Ba3 Rd8 33.Rxd8+ Kxd8 34.
b4 axb4 35.Bxb4 c5 36.Ba3 Kd7 37.a5 bxa5 38.Bxc5 Kc6 39.Bd6 Kd5 40.Kf1 Kc4
41.Ke2 Kc3 42.Ke3 a4 43.Be7 Kc4 44.f4 Kc3 45.Bd6 1/2-1/2

[Event "RUS-ChT L1"]
[Site "Sochi RUS"]
[Date "2008.04.09"]
[Round "7"]
[White "Filippov, Valerij"]
[Black "Zakharstov, Viacheslav V"]
[Result "1-0"]
[WhiteElo "2561"]
[BlackElo "2585"]
[EventDate "2008.04.03"]
[PlyCount "95"]

1.c4 c5 2.Nc3 Nf6 3.g3 e6 4.Bg2 d5 5.Qb3 Nc6 6.cxd5 exd5 7.Nxd5 Nd4 8.
Nxf6+ Qxf6 9.Qd1 Bf5 10.e4 Be6 11.Nh3 h5 12.O-O O-O-O 13.d3 Qe7 14.Nf4 h4 
15.Be3 Kb8 16.Nd5 Bxd5 17.exd5 hxg3 18.hxg3 Qf6 19.b4 cxb4 20.Qg4 Bc5 21.
Rfc1 Bb6 22.Rab1 a5 23.a3 Rhe8 24.axb4 Rxe3 25.fxe3 Nc2 26.d4 Nxe3 27.Qf4+
Qxf4 28.gxf4 Bxd4 29.bxa5 Nc4+ 30.Kf1 Nd2+ 31.Ke2 Nxb1 32.Rxb1 Ka7 33.d6 
Rb8 34.Kd3 Bc5 35.d7 Be7 36.Kc4 Bd8 37.Kb5 Bc7 38.Rb4 Rd8 39.Rd4 g6 40.a6 
bxa6+ 41.Kc6 Bb6 42.Rb4 Rb8 43.Rxb6 Rxb6+ 44.Kc7 Rb8 45.d8=Q Rxd8 46.Kxd8 
f6 47.Ke7 g5 48.f5 1-0

[Event "RUS-ChT L1"]
[Site "Sochi RUS"]
[Date "2008.04.09"]
[Round "7"]
[White "Gasanov, Eldar"]
[Black "Smirnov, Artem"]
[Result "1-0"]
[WhiteElo "2541"]
[BlackElo "2435"]
[EventDate "2008.04.03"]
[PlyCount "51"]

1.c4 Nf6 2.Nc3 e5 3.Nf3 Nc6 4.d4 exd4 5.Nxd4 Bb4 6.g3 O-O 7.Bg2 Ne5 8.Qb3 
Bc5 9.Be3 d6 10.h3 c6 11.O-O Qe7 12.Rad1 Bxd4 13.Rxd4 Be6 14.Bg5 b5 15.Ne4
bxc4 16.Qa3 Bd5 17.Bxf6 gxf6 18.Nxd6 Rad8 19.Bxd5 cxd5 20.Rxd5 Qe6 21.Rfd1
Nd3 22.e4 Qxh3 23.Nxc4 Nxf2 24.Kxf2 Qh2+ 25.Kf3 Rde8 26.Ne3 1-0

[Event "RUS-ChT L1"]
[Site "Sochi RUS"]
[Date "2008.04.09"]
[Round "7"]
[White "Grishchenko, Sergey"]
[Black "Inants, Aghasi"]
[Result "1-0"]
[WhiteElo "2390"]
[BlackElo "2241"]
[EventDate "2008.04.03"]
[PlyCount "43"]

1.d4 Nf6 2.c4 e6 3.Nc3 Bb4 4.e3 O-O 5.Bd3 b6 6.Ne2 Bb7 7.a3 Be7 8.e4 d5 9.
cxd5 exd5 10.e5 Ne4 11.Qc2 f5 12.Nf4 Qd7 13.Ncxd5 c5 14.f3 Bxd5 15.Nxd5 
Ng5 16.Bc4 Kh8 17.Nxe7 Qxe7 18.Bxg5 Qxg5 19.Bd5 Nd7 20.Bxa8 Rxa8 21.O-O 
cxd4 22.f4 1-0

[Event "RUS-ChT L1"]
[Site "Sochi RUS"]
[Date "2008.04.09"]
[Round "7"]
[White "Gubajdullin, Alexey"]
[Black "Lovkov, Roman"]
[Result "0-1"]
[WhiteElo "2504"]
[BlackElo "2457"]
[EventDate "2008.04.03"]
[PlyCount "40"]

1.e4 c5 2.Nf3 d6 3.d4 cxd4 4.Nxd4 Nf6 5.Nc3 a6 6.Bg5 e6 7.f4 h6 8.Bh4 Nbd7
9.Qe2 Qc7 10.O-O-O Be7 11.Bg3 h5 12.h3 h4 13.Bh2 b5 14.e5 dxe5 15.fxe5 Nh5
16.Ne4 Nxe5 17.Nxb5 axb5 18.Qxb5+ Kf8 19.Bxe5 Qa5 20.Nd6 Bg5+ 0-1

[Event "RUS-ChT L1"]
[Site "Sochi RUS"]
[Date "2008.04.09"]
[Round "7"]
[White "Gutov, Andrey"]
[Black "Pigusov, Evgeny"]
[Result "0-1"]
[WhiteElo "2467"]
[BlackElo "2558"]
[EventDate "2008.04.03"]
[PlyCount "92"]

1.d4 d5 2.c4 e6 3.Nc3 Be7 4.cxd5 exd5 5.Bf4 c6 6.e3 Bd6 7.Nge2 Ne7 8.Bxd6 
Qxd6 9.Nf4 Ng6 10.Nh5 O-O 11.Bd3 Nh4 12.g3 Nf5 13.Qf3 Ne7 14.g4 c5 15.Qg3 
Qxg3 16.hxg3 h6 17.dxc5 Bxg4 18.Be2 Be6 19.O-O Rc8 20.b4 b6 21.Na4 Nd7 22.
Ba6 Rc7 23.Rfc1 bxc5 24.Nxc5 Nxc5 25.bxc5 Rb8 26.Nf4 Bd7 27.Rc3 Kf8 28.Ne2
Bc8 29.Bd3 Bf5 30.Bxf5 Nxf5 31.Nd4 Nxd4 32.exd4 Rb2 33.Re1 Rd2 34.Rb3 g6 
35.Rb4 a5 36.Ra4 Rb7 37.c6 Rc7 38.Rc1 Ke7 39.Rc5 Kd6 40.Rcxa5 Rxc6 41.Ra7 
Ke6 42.Rb7 h5 43.Rb3 g5 44.Kg2 g4 45.Rb7 f6 46.Rh7 Rd1 0-1

[Event "RUS-ChT L1"]
[Site "Sochi RUS"]
[Date "2008.04.09"]
[Round "7"]
[White "Ionov, Sergey"]
[Black "Minasian, Artashes"]
[Result "1-0"]
[WhiteElo "2546"]
[BlackElo "2578"]
[EventDate "2008.04.03"]
[PlyCount "67"]

1.Nf3 g6 2.d4 Bg7 3.c4 c5 4.e4 d6 5.Be2 Nf6 6.Nc3 O-O 7.O-O Na6 8.d5 Nc7 
9.Bf4 Bg4 10.h3 Bxf3 11.Bxf3 Nd7 12.Qd2 Ne5 13.Be2 e6 14.Bg5 f6 15.Be3 
exd5 16.Nxd5 Nc6 17.f4 f5 18.exf5 gxf5 19.Bf3 Nd4 20.Rae1 Kh8 21.Nxc7 Qxc7
22.Bd5 Rab8 23.b3 b5 24.Kh1 bxc4 25.bxc4 a5 26.Rb1 a4 27.Qd3 Rxb1 28.Rxb1 
Qe7 29.Bd2 Re8 30.Re1 Qd8 31.Rxe8+ Qxe8 32.Be3 h5 33.Kh2 Qg6 34.Bf2 1-0

[Event "RUS-ChT L1"]
[Site "Sochi RUS"]
[Date "2008.04.09"]
[Round "7"]
[White "Kabanov, Nikolai"]
[Black "Iordachescu, Viorel"]
[Result "0-1"]
[WhiteElo "2517"]
[BlackElo "2586"]
[EventDate "2008.04.03"]
[PlyCount "84"]

1.e4 e5 2.Bc4 Nf6 3.d3 Be7 4.Nf3 d6 5.O-O O-O 6.Re1 Nc6 7.c3 Na5 8.Bb5 c5 
9.d4 a6 10.Bf1 cxd4 11.cxd4 d5 12.Nxe5 Nxe4 13.Nd2 Bf5 14.Nxe4 dxe4 15.g4 
Be6 16.Rxe4 Rc8 17.Bd2 Bd5 18.Re1 Nc6 19.Bc3 f6 20.Nxc6 Rxc6 21.Bg2 Bxg2 
22.Kxg2 f5 23.Qb3+ Kh8 24.Re6 fxg4 25.Rae1 Bd6 26.R1e2 Qh4 27.Rxd6 Rxd6 
28.Qxb7 Rh6 29.Bb4 Qxh2+ 30.Kf1 Qh3+ 31.Kg1 Rg8 32.Re3 Qh2+ 33.Kf1 Rf6 34.
Qg2 Qf4 35.Kg1 h6 36.Bc3 Rgf8 37.Be1 Qg5 38.d5 Rf3 39.Re4 g3 40.fxg3 Qxd5 
41.Qe2 Rf1+ 42.Kh2 Qxa2 0-1

[Event "RUS-ChT L1"]
[Site "Sochi RUS"]
[Date "2008.04.09"]
[Round "7"]
[White "Klimov, Sergey"]
[Black "Mozharov, Mikhail"]
[Result "1-0"]
[WhiteElo "2483"]
[BlackElo "2434"]
[EventDate "2008.04.03"]
[PlyCount "115"]

1.e4 c5 2.Nf3 d6 3.d4 cxd4 4.Nxd4 Nf6 5.Nc3 a6 6.Be3 e5 7.Nb3 Be7 8.f3 Be6
9.Qd2 O-O 10.O-O-O a5 11.Bb5 Na6 12.Qf2 Qc8 13.Nd5 Nc7 14.Nb6 Qb8 15.Ba4 
Ra6 16.g4 Bxg4 17.fxg4 Nxg4 18.Qg3 Nxe3 19.Rhg1 g6 20.Qxe3 Qa7 21.Nd5 
Qxe3+ 22.Nxe3 b5 23.Nd5 Nxd5 24.Bxb5 Nc7 25.Bxa6 Nxa6 26.Nxa5 Rc8 27.Nb7 
Rc6 28.a3 Rb6 29.Na5 Nc5 30.Rge1 f5 31.exf5 gxf5 32.Nc4 Rc6 33.Ne3 f4 34.
Nd5 Bh4 35.b4 Nd7 36.Re4 Kf7 37.a4 Ke6 38.a5 Bd8 39.Kb2 Kf5 40.Ree1 e4 41.
Kb3 e3 42.Nxe3+ fxe3 43.Rxe3 Ne5 44.Rh3 Bf6 45.Rxh7 Ke6 46.Rf1 Ng4 47.c4 
d5 48.c5 d4 49.h3 Ne5 50.Ra1 d3 51.a6 d2 52.a7 Rc8 53.Kc2 Rd8 54.Ra6+ Kf5 
55.Rd6 Ra8 56.Rxd2 Nc6 57.Rf2+ Kg5 58.Rxf6 1-0

[Event "RUS-ChT L1"]
[Site "Sochi RUS"]
[Date "2008.04.09"]
[Round "7"]
[White "Kljucharev, Sergey"]
[Black "Iskusnyh, Sergei"]
[Result "1/2-1/2"]
[WhiteElo "2367"]
[BlackElo "2478"]
[EventDate "2008.04.03"]
[PlyCount "119"]

1.Nf3 c5 2.c4 g6 3.d4 cxd4 4.Nxd4 Nc6 5.e4 Nf6 6.Nc3 Nxd4 7.Qxd4 d6 8.Be2 
Bg7 9.Be3 O-O 10.Qd2 a5 11.O-O a4 12.Rac1 Be6 13.f3 Nd7 14.Nd5 Nc5 15.Qb4 
Re8 16.Rc2 Qa5 17.Qxa5 Rxa5 18.Rb1 Kf8 19.Kf1 Rc8 20.Bg5 f6 21.Bd2 Ra6 22.
b4 axb3 23.axb3 Ra3 24.b4 Nb3 25.Bc3 Bxd5 26.exd5 f5 27.Bxg7+ Kxg7 28.Rd1 
b5 29.c5 dxc5 30.bxc5 Rxc5 31.Rxc5 Nxc5 32.Bxb5 Nb7 33.f4 Nd6 34.Be2 Ra4 
35.g3 Ra2 36.Ke1 Ne4 37.Bf3 Nd6 38.Rd2 Ra3 39.Kf2 h6 40.Re2 Kf7 41.h4 h5 
42.Rb2 Rc3 43.Ra2 Rd3 44.Ke2 Rd4 45.Ke3 Rb4 46.Kf2 Kf6 47.Rc2 Rb3 48.Ra2 
Rd3 49.Ke2 Rc3 50.Kf2 Rc5 51.Re2 Ra5 52.Re6+ Kf7 53.Re2 Ke8 54.Kg2 Ra4 55.
Kf2 Rb4 56.Ra2 Rb6 57.Rc2 Rb3 58.Ra2 Nb5 59.Ra8+ Kf7 60.Rb8 1/2-1/2

[Event "RUS-ChT L1"]
[Site "Sochi RUS"]
[Date "2008.04.09"]
[Round "7"]
[White "Korotylev, Alexey"]
[Black "Smirnov, Pavel"]
[Result "0-1"]
[WhiteElo "2607"]
[BlackElo "2599"]
[EventDate "2008.04.03"]
[PlyCount "70"]

1.Nf3 Nf6 2.c4 e6 3.g3 d5 4.Bg2 Be7 5.O-O O-O 6.b3 c5 7.Bb2 Nc6 8.e3 b6 9.
Qe2 Bb7 10.Rd1 Rc8 11.d3 Qd7 12.e4 Rfd8 13.e5 Ne8 14.Nc3 Nc7 15.Qf1 Qe8 
16.h4 f6 17.Ne2 d4 18.exf6 gxf6 19.Bc1 Qf7 20.g4 Kh8 21.Ng3 Ne8 22.Rb1 Nd6
23.Rb2 Rg8 24.g5 e5 25.Re2 Rce8 26.Nh2 fxg5 27.Bd5 Qg7 28.Bxg8 Rxg8 29.
hxg5 Bxg5 30.Bxg5 Qxg5 31.Qh3 Bc8 32.Qg2 e4 33.dxe4 Ne5 34.Kh1 Qh4 35.Kg1 
Qg5 0-1

[Event "RUS-ChT L1"]
[Site "Sochi RUS"]
[Date "2008.04.09"]
[Round "7"]
[White "Kovalenko, Igor"]
[Black "Savchenko, Stanislav"]
[Result "0-1"]
[WhiteElo "2450"]
[BlackElo "2558"]
[EventDate "2008.04.03"]
[PlyCount "66"]

1.e4 c5 2.Nf3 d6 3.d4 cxd4 4.Nxd4 Nf6 5.Nc3 a6 6.Bc4 e6 7.Bb3 b5 8.Bg5 Be7
9.Qf3 Qb6 10.O-O-O Nbd7 11.Rhe1 O-O 12.Qg3 Nc5 13.Bh6 Ne8 14.Bg5 Bxg5+ 15.
Qxg5 Nf6 16.Re3 h6 17.Qh4 b4 18.Nce2 e5 19.Nf5 Bxf5 20.exf5 Nxb3+ 21.Rxb3 
a5 22.Rbd3 d5 23.f4 e4 24.Rg3 Kh8 25.Rh3 a4 26.Kb1 Rfc8 27.Qe1 e3 28.Nd4 
Rc4 29.Nf3 Ne4 30.Rd3 Nf2 31.Rxe3 Nxh3 32.gxh3 Rxf4 33.Nd2 Rxf5 0-1

[Event "RUS-ChT L1"]
[Site "Sochi RUS"]
[Date "2008.04.09"]
[Round "7"]
[White "Kravchenko, Vladimir V"]
[Black "Gorovykh, Eduard"]
[Result "1-0"]
[WhiteElo "2436"]
[BlackElo "2402"]
[EventDate "2008.04.03"]
[PlyCount "65"]

1.d4 Nf6 2.c4 g6 3.Nc3 Bg7 4.e4 O-O 5.Be3 d6 6.h3 e5 7.d5 a5 8.g4 Na6 9.
Nge2 Bd7 10.Ng3 c6 11.Na4 cxd5 12.cxd5 b5 13.Nb6 Rb8 14.Nxd7 Qxd7 15.g5 
Ne8 16.h4 Nc5 17.Bh3 Qe7 18.h5 Rb7 19.hxg6 fxg6 20.Bxc5 dxc5 21.Be6+ Rf7 
22.Qg4 Kh8 23.Bxf7 Qxf7 24.Qe6 Qxe6 25.dxe6 Bf8 26.Rd1 Bd6 27.Nf5 gxf5 28.
exf5 Be7 29.Rd7 Rxd7 30.exd7 Nd6 31.Rh6 Nf7 32.Re6 Bxg5 33.f6 1-0

[Event "RUS-ChT L1"]
[Site "Sochi RUS"]
[Date "2008.04.09"]
[Round "7"]
[White "Krutko, Anatoly"]
[Black "Raetsky, Alexander"]
[Result "0-1"]
[WhiteElo "2451"]
[BlackElo "2424"]
[EventDate "2008.04.03"]
[PlyCount "74"]

1.e4 e5 2.Nf3 Nf6 3.Nxe5 d6 4.Nf3 Nxe4 5.Qe2 Qe7 6.d3 Nf6 7.Bg5 Nbd7 8.Nc3
Qxe2+ 9.Bxe2 h6 10.Bd2 g6 11.Nb5 Kd8 12.c4 Bg7 13.O-O Re8 14.Rfe1 a6 15.
Nbd4 Nc5 16.b4 Na4 17.Rac1 Bd7 18.c5 Nd5 19.Kf1 Bb5 20.Nxb5 axb5 21.Bd1 
Rxe1+ 22.Kxe1 Nac3 23.Bb3 c6 24.d4 Ne4 25.cxd6 Nxd6 26.Ne5 Ke7 27.Ke2 g5 
28.Kd3 Bxe5 29.dxe5 Nc4 30.Be1 Nf4+ 31.Ke4 Nxg2 32.Bc3 Nf4 33.Rd1 Nd5 34.
Be1 Ke6 35.Rd3 Rd8 36.Rd4 Nxe5 37.Bxd5+ Rxd5 0-1

[Event "RUS-ChT L1"]
[Site "Sochi RUS"]
[Date "2008.04.09"]
[Round "7"]
[White "Neverov, Anatoly"]
[Black "Gladyszev, Oleg"]
[Result "1-0"]
[WhiteElo "2389"]
[BlackElo "2485"]
[EventDate "2008.04.03"]
[PlyCount "91"]

1.e4 c5 2.Nf3 Nc6 3.d4 cxd4 4.Nxd4 Nf6 5.Nc3 e5 6.Ndb5 d6 7.Bg5 a6 8.Na3 
b5 9.Bxf6 gxf6 10.Nd5 Bg7 11.g3 f5 12.Bg2 fxe4 13.Bxe4 Be6 14.O-O O-O 15.
c3 f5 16.Bg2 Rb8 17.Nc2 a5 18.Qd2 Qd7 19.f4 b4 20.cxb4 e4 21.Kh1 axb4 22.
Ncxb4 Nxb4 23.Nxb4 d5 24.a3 d4 25.g4 Rfe8 26.Rac1 d3 27.Rg1 Bf7 28.gxf5 
Qd4 29.Rc3 Kh8 30.h3 Bf6 31.Rgc1 e3 32.Qxd3 Rxb4 33.axb4 Qxd3 34.Rxd3 e2 
35.b5 e1=Q+ 36.Rxe1 Rxe1+ 37.Kh2 Rb1 38.b6 Rxb2 39.b7 Be8 40.Rd2 Rb3 41.
Rc2 Be7 42.Rc8 Bd6 43.f6 Bxf4+ 44.Kg1 Rb1+ 45.Kf2 Rb2+ 46.Kf3 1-0

[Event "RUS-ChT L1"]
[Site "Sochi RUS"]
[Date "2008.04.09"]
[Round "7"]
[White "Nikitin, Andrey"]
[Black "Batsanin, Dmitry"]
[Result "0-1"]
[WhiteElo "2471"]
[BlackElo "2474"]
[EventDate "2008.04.03"]
[PlyCount "78"]

1.d4 d5 2.c4 dxc4 3.Nf3 Nf6 4.e3 e6 5.Bxc4 c5 6.O-O a6 7.Bb3 Be7 8.Qe2 Nc6
9.Nc3 Qc7 10.Rd1 O-O 11.h3 Rd8 12.dxc5 Rxd1+ 13.Nxd1 Bxc5 14.e4 Nd7 15.Bd2
b6 16.Rc1 Bb7 17.Bc2 Nde5 18.Be3 Bxe3 19.Qxe3 Nxf3+ 20.gxf3 Rd8 21.Bb3 Qe7
22.Bc4 Nd4 23.Bf1 Nxf3+ 24.Kh1 Nd4 25.Bg2 e5 26.Nc3 h6 27.Nd5 Qd6 28.f4 
Ne6 29.fxe5 Qxe5 30.Qxb6 Bxd5 31.exd5 Rxd5 32.Qxa6 Rd4 33.Qc8+ Kh7 34.Qc2+
g6 35.Rf1 Nf4 36.b3 Kg7 37.Qf2 g5 38.Re1 Qd6 39.Qb2 Nd3 0-1

[Event "RUS-ChT L1"]
[Site "Sochi RUS"]
[Date "2008.04.09"]
[Round "7"]
[White "Pogosian, Georgy"]
[Black "Venevtsev, Andrey"]
[Result "1/2-1/2"]
[WhiteElo "2196"]
[BlackElo "2178"]
[EventDate "2008.04.03"]
[PlyCount "89"]

1.e4 e6 2.Nf3 d5 3.Nc3 Nf6 4.e5 Nfd7 5.d4 c5 6.dxc5 Nc6 7.Bf4 Nxc5 8.Bd3 
Be7 9.Bg3 a6 10.O-O O-O 11.Re1 f5 12.exf6 Bxf6 13.Qd2 b5 14.a3 Bb7 15.Rad1
Rc8 16.Bf1 Qb6 17.Ne5 d4 18.Na2 Nxe5 19.Bxe5 Ne4 20.Qxd4 Qxd4 21.Bxd4 Rxc2
22.Bxf6 Rxf6 23.Rd8+ Rf8 24.Rxf8+ Kxf8 25.Re2 Rxe2 26.Bxe2 Ke7 27.f3 Nc5 
28.Nc3 Kd6 29.Kf2 e5 30.Ke3 Bc6 31.Bd3 Nxd3 32.Kxd3 a5 33.b4 axb4 34.axb4 
Ke6 35.Ke3 g5 36.Ne2 h6 37.Ng3 Kf6 38.Ne4+ Ke6 39.Nc5+ Kf6 40.Ne4+ Kf5 41.
Ng3+ Kf6 42.Ne4+ Kf5 43.g4+ Ke6 44.Kd3 Ke7 45.Ke3 1/2-1/2

[Event "RUS-ChT L1"]
[Site "Sochi RUS"]
[Date "2008.04.09"]
[Round "7"]
[White "Pokazanjev, Nikolai"]
[Black "Klimov, Anton"]
[Result "1/2-1/2"]
[WhiteElo "2405"]
[BlackElo "2351"]
[EventDate "2008.04.03"]
[PlyCount "44"]

1.e4 c5 2.Nf3 d6 3.d4 cxd4 4.Nxd4 Nf6 5.Nc3 a6 6.Be2 e5 7.Nb3 Be7 8.O-O 
O-O 9.Be3 Be6 10.Qd2 Nbd7 11.a4 Rc8 12.a5 Re8 13.Rfc1 h6 14.f3 Bf8 15.Nd5 
Nxd5 16.exd5 Bf5 17.c4 Bh7 18.Ra4 f5 19.Rb4 Rc7 20.Kh1 Qf6 21.Bb6 Rcc8 22.
Bg1 Rc7 1/2-1/2

[Event "RUS-ChT L1"]
[Site "Sochi RUS"]
[Date "2008.04.09"]
[Round "7"]
[White "Pushkarev, Dmitry"]
[Black "Shuraev, Andrei"]
[Result "1-0"]
[WhiteElo "2363"]
[BlackElo "2409"]
[EventDate "2008.04.03"]
[PlyCount "85"]

1.e4 c5 2.Nf3 e6 3.d4 Nf6 4.Nc3 cxd4 5.Nxd4 Nc6 6.Ndb5 d6 7.Bf4 e5 8.Bg5 
a6 9.Na3 b5 10.Nd5 Be7 11.Bxf6 Bxf6 12.c3 O-O 13.Nc2 Bg5 14.a4 bxa4 15.
Rxa4 Rb8 16.b3 a5 17.Bc4 Kh8 18.Nce3 g6 19.O-O f5 20.Qd3 Be6 21.exf5 gxf5 
22.f4 Bh6 23.Qe2 Bg7 24.Qh5 e4 25.Rfa1 Qd7 26.h3 Qa7 27.Kh1 Qc5 28.R4a2 
Rb7 29.Qe2 Rfb8 30.g4 Rxb3 31.Bxb3 Rxb3 32.Rd1 fxg4 33.f5 Bf7 34.Qxg4 Ne5 
35.Qg5 Rb8 36.Rg2 Rg8 37.Rdg1 h6 38.Qe7 Qc8 39.Qxd6 Nc4 40.Qf4 Bf8 41.
Rxg8+ Bxg8 42.Qg3 Bf7 43.Nf6 1-0

[Event "RUS-ChT L1"]
[Site "Sochi RUS"]
[Date "2008.04.09"]
[Round "7"]
[White "Shorokhov, Alexandr"]
[Black "Lintchevski, Daniil"]
[Result "1-0"]
[WhiteElo "2465"]
[BlackElo "2440"]
[EventDate "2008.04.03"]
[PlyCount "78"]

1.e4 c5 2.Nf3 Nc6 3.g3 g6 4.Bg2 Bg7 5.O-O d6 6.c3 Bg4 7.h3 Bxf3 8.Qxf3 e6 
9.d3 Nge7 10.Be3 O-O 11.Rd1 f5 12.Qe2 Qe8 13.Nd2 Rd8 14.f4 b6 15.a3 d5 16.
Bf2 h6 17.e5 g5 18.d4 cxd4 19.cxd4 Kh7 20.Rac1 Rg8 21.fxg5 hxg5 22.Nf3 Qg6
23.g4 Bh6 24.b4 Rc8 25.Be3 Kg7 26.Qd2 f4 27.Bf2 Nb8 28.Bf1 Qe8 29.Rxc8 
Qxc8 30.Bd3 Kf7 31.Rc1 Qd7 32.Bb1 Rc8 33.Rxc8 Qxc8 34.b5 Nd7 35.h4 Qg8 36.
hxg5 Bxg5 37.Be1 Bh6 38.Qg2 Ke8 39.Qh3 Bg7 1-0

[Event "RUS-ChT L1"]
[Site "Sochi RUS"]
[Date "2008.04.09"]
[Round "7"]
[White "Vokarev, Sergey"]
[Black "Morozov, Evgeny"]
[Result "0-1"]
[WhiteElo "2503"]
[BlackElo "2308"]
[EventDate "2008.04.03"]
[PlyCount "60"]

1.e4 e6 2.d4 d5 3.Nd2 Nf6 4.e5 Nfd7 5.Bd3 c5 6.c3 Nc6 7.Ne2 cxd4 8.cxd4 f6
9.exf6 Nxf6 10.O-O Bd6 11.Nf3 Qc7 12.Bg5 O-O 13.Bh4 g6 14.Bg3 e5 15.dxe5 
Nxe5 16.Nxe5 Bxe5 17.Rc1 Qe7 18.Qb3 Bxg3 19.hxg3 Be6 20.Qc3 Qg7 21.Nf4 Qh6
22.Be2 Rae8 23.Qd4 g5 24.Nxe6 Rxe6 25.Bf3 Rd8 26.g4 b6 27.Rc7 a5 28.Rfc1 
Qf8 29.R1c6 Rdd6 30.Qxb6 Rxc6 0-1